Tatparya Chandrika (Record no. 1355)

MARC details
000 -LEADER
fixed length control field 00344nam a22001337a 4500
008 - FIXED-LENGTH DATA ELEMENTS--GENERAL INFORMATION
fixed length control field 260429b |||||||| |||| 00| 0 eng d
020 ## - INTERNATIONAL STANDARD BOOK NUMBER
International Standard Book Number 9789381275375
082 ## - DEWEY DECIMAL CLASSIFICATION NUMBER
Classification number 001953
100 ## - MAIN ENTRY--PERSONAL NAME
Personal name Sattigeri,Vasudevacharya
245 ## - TITLE STATEMENT
Title Tatparya Chandrika
260 ## - PUBLICATION, DISTRIBUTION, ETC.
Place of publication, distribution, etc. Bangalore
Name of publisher, distributor, etc. Poornaprajna Samshodhana Mandiram
Date of publication, distribution, etc. 2019
300 ## - PHYSICAL DESCRIPTION
Extent 274p
942 ## - ADDED ENTRY ELEMENTS (KOHA)
Source of classification or shelving scheme Dewey Decimal Classification
Holdings
Withdrawn status Lost status Source of classification or shelving scheme Damaged status Not for loan Home library Current library Shelving location Date acquired Source of acquisition Cost, normal purchase price Inventory number Total Checkouts Full call number Barcode Date last seen Price effective from Koha item type
    Dewey Decimal Classification     Karnataka Samskrit University Library Karnataka Samskrit University Library General Stacks 03/06/2025 Poornaprajna Samshodhana Mandiram 200.00 2586   001953 001953 04/29/2026 04/29/2026 Books

Powered by Koha